000 00695nam a2200241 i 4500
001 14639
003 ES-MaACL
005 20250528063005.0
007 t|
008 990520s1999 sp ||||1| spa d
020 _a8486419417
080 _a821.134.2-14"19"
100 1 _aDomínguez Rey, Antonio
_945239
245 1 0 _aComo rostro que surge /
_cAntonio Domínguez Rey.
250 _a1ª ed.
260 _aHumanes, Madrid :
_bJuan Pastor,
_c1999.
300 _a107 p. ;
_c20 cm.
490 1 _aDevenir. Serie Poesía ;
_v121
830 0 0 _aDevenir.
_pSerie Poesía ;
_v121
_9236243
852 _aES-MaACL
_jP-1931 Nº 121
_bR.127283
942 _2udc
999 _c14639
_d14639